000 01250nam a22002897a 4500
003 OSt
005 20250820143721.0
008 210914b2008 ck ||||er|||| 00| j spa d
020 _a9789588471051
040 _aCO-JMCR
_cCO-JMCR
041 1 _aspa
_heng
082 0 4 _aA-C
_bHOWc
_223
100 1 _aPhillips Lovecraft, Howard,
_eautor
_940367
245 1 4 _aCinco relatos insólitos /
_cHoward Phillips Lovecraft ; traducción del inglés por Catalina Holguín ; selección y nota introductoria de Julio Paredes Castro
260 _aBogotá :
_bAlcaldía Mayor de Bogotá : Secretaria de Cultura, Recreación y Deporte,
_c2008
300 _a111 páginas ;
_c17 cm.
490 0 _aLibro al viento ;
_v53
505 0 _aLa música de Erich Zann -- La declaración de Randolph Carter -- Dagón -- El color que vino del espacio -- El árbol
546 _aTraducido del inglés.
650 1 4 _aCuentos estadounidenses
_ySiglo XX
_99718
650 2 4 _aLiteratura estadounidense
_ySiglo XX
_913472
650 2 4 _aTerror en la literatura
_913931
650 2 4 _aFantasmas en la literatura
_92083
700 1 _aHolguín, Catalina,
_etraductora
_940368
700 1 _aParedes Castro, Julio,
_eautor de selección y nota introductoria
_914038
942 _2ddc
_cBK
999 _c15589
_d15589